[Event "GER-ch Net blitz qual2"]
[Site "Playchess.com INT"]
[Date "2020.03.16"]
[Round "3"]
[White "Braeutigam, Alexander"]
[Black "Mentz, Thomas"]
[Result "1-0"]
[WhiteElo "1631"]
[BlackElo "1399"]
[PlyCount "63"]
[EventDate "2020.03.16"]
[EventType "swiss (blitz)"]
[EventRounds "9"]
[EventCountry "GER"]
[SourceTitle "CBM 195 Extra"]
[Source "ChessBase"]
[SourceDate "2020.05.31"]
[SourceVersion "1"]
[SourceVersionDate "2020.05.31"]
[SourceQuality "1"]

1. d4 Nf6 2. c4 c5 3. d5 e6 4. Nc3 exd5 5. cxd5 Qa5 6. Bd2 d6 7. Ne4 Qd8 8. Bg5 Be7 9. Nxf6+ Bxf6 10. Bxf6 Qxf6 11. Qd2 0-0 12. e4 Re8 13. f3 a6 14. Bd3 b5 15. Rc1 Nd7 16. b3 Ne5 17. Ne2 Nxd3+ 18. Qxd3 Bd7 19. 0-0 c4 20. bxc4 bxc4 21. Qd4 Qe7 22. Nc3 Bb5 23. a4 Bd7 24. Rb1 Rab8 25. Rfc1 Rec8 26. Rxb8 Rxb8 27. Qxc4 Qg5 28. Rb1 Rxb1+ 29. Nxb1 Qe3+ 30. Kf1 g6 31. Nc3 Qc1+ 32. Kf2 1-0

[Event "GER-ch Net blitz qual1"]
[Site "Playchess.com INT"]
[Date "2020.03.07"]
[Round "2"]
[White "Fabregas, Oliver"]
[Black "Mentz, Thomas"]
[Result "1-0"]
[WhiteElo "1935"]
[BlackElo "1563"]
[PlyCount "31"]
[EventDate "2020.03.07"]
[EventType "swiss (blitz)"]
[EventRounds "9"]
[EventCountry "GER"]
[SourceTitle "CBM 195 Extra"]
[Source "ChessBase"]
[SourceDate "2020.05.31"]
[SourceVersion "1"]
[SourceVersionDate "2020.05.31"]
[SourceQuality "1"]

1. Nf3 g6 2. g3 Bg7 3. Bg2 Nf6 4. 0-0 0-0 5. d4 d5 6. a4 Nc6 7. Nc3 e5 8. dxe5 Ng4 9. Qxd5 Be6 10. Qb5 Ngxe5 11. Nxe5 Nxe5 12. Qxb7 Rb8 13. Qxa7 c6 14. Qc5 Qc8 15. a5 Qa6 16. Bf4 1-0

[Event "GER-ch Net blitz qual1"]
[Site "Playchess.com INT"]
[Date "2020.03.07"]
[Round "3"]
[White "Mentz, Thomas"]
[Black "Kottke, Steffen"]
[Result "0-1"]
[WhiteElo "1563"]
[BlackElo "1928"]
[PlyCount "78"]
[EventDate "2020.03.07"]
[EventType "swiss (blitz)"]
[EventRounds "9"]
[EventCountry "GER"]
[SourceTitle "CBM 195 Extra"]
[Source "ChessBase"]
[SourceDate "2020.05.31"]
[SourceVersion "1"]
[SourceVersionDate "2020.05.31"]
[SourceQuality "1"]

1. b3 Nf6 2. Bb2 g6 3. Nf3 Bg7 4. e3 0-0 5. d4 d5 6. Be2 Bf5 7. 0-0 c6 8. c4 Nbd7 9. Nc3 e6 10. cxd5 exd5 11. Ne5 Ne4 12. f4 Nxc3 13. Bxc3 f6 14. Nxd7 Qxd7 15. Bb4 Rfe8 16. Qd2 Qe6 17. Rf3 Bg4 18. Rg3 Bxe2 19. Qxe2 f5 20. Re1 Bxd4 21. exd4 Qxe2 22. Rxe2 Rxe2 23. Kf1 Rxa2 24. Re3 Rb2 25. Re7 Rxb3 26. Bd6 a5 27. Be5 h5 28. Rg7+ Kf8 29. Rh7 Re8 30. Bd6+ Kg8 31. Rc7 a4 32. Be5 a3 33. Rg7+ Kf8 34. Rh7 a2 35. Rh8+ Kf7 36. Rh7+ Ke6 37. Rg7 a1Q+ 38. Ke2 Qa2+ 39. Kf1 Rb1# 0-1

[Event "GER-ch Net blitz qual1"]
[Site "Playchess.com INT"]
[Date "2020.03.07"]
[Round "7"]
[White "Mentz, Thomas"]
[Black "Tropf, Peter"]
[Result "1-0"]
[WhiteElo "1563"]
[BlackElo "1202"]
[PlyCount "41"]
[EventDate "2020.03.07"]
[EventType "swiss (blitz)"]
[EventRounds "9"]
[EventCountry "GER"]
[SourceTitle "CBM 195 Extra"]
[Source "ChessBase"]
[SourceDate "2020.05.31"]
[SourceVersion "1"]
[SourceVersionDate "2020.05.31"]
[SourceQuality "1"]

1. b3 d5 2. Bb2 Nf6 3. e3 e6 4. Nf3 Nbd7 5. Be2 c6 6. 0-0 Bd6 7. d4 0-0 8. c4 dxc4 9. bxc4 b5 10. c5 Bc7 11. Ne5 Bxe5 12. dxe5 Ne8 13. Bd4 Qc7 14. f4 Bb7 15. Nc3 a5 16. Ne4 a4 17. Nd6 Nxd6 18. exd6 Qd8 19. Qe1 f5 20. Qg3 Qe8 21. Qxg7# 1-0